000 00566nam a2200181 i 4500
001 60923
003 ES-MaACL
005 20240206203241.0
007 t|
008 031107s1967 sp ||||1| spa d
245 0 0 _aEsterilidad e infertilidad humanas /
_cJ. Botella Llusiá ... [et al.].
260 _aBarcelona :
_bEditorial Científico-Médica,
_c[1967]
300 _aXXIV, 676 p. :
_bil. ;
_c25 cm.
650 0 4 _aEsterilidad.
_912534
700 1 _aBotella Llusiá, José,
_d1912-2002
_930758
852 _aES-MaACL
_jC-31512
_bR.61823
999 _c60923
_d60923